عرض عادي
عرض مارك
- مهران، زكريا
دخول Personal Name
001 - CONTROL NUMBER
- control field: 28017
003 - CONTROL NUMBER IDENTIFIER
- control field: AE-AdECS
005 - DATE AND TIME OF LATEST TRANSACTION
- control field: 20260326122325.0
008 - FIXED-LENGTH DATA ELEMENTS
- fixed length control field: 260326|| aca||aabn | a|a d
040 ## - CATALOGING SOURCE
- Original cataloging agency: AE-AdECS
- Transcribing agency: AE-AdECS
100 ## - HEADING--PERSONAL NAME
- Personal name: مهران، زكريا
670 ## - SOURCE DATA FOUND
- Source citation: Work cat.: (AE-AdECS)294589: مهران، زكريا مؤلف., موجز النقود والسياسة النقدية /
